| 000 | 00450cam a22001217a 4500 | ||
|---|---|---|---|
| 008 | 180718b1996 xxu||||| |||| 00| 0 eng d | ||
| 082 | _aLmx5421 F/1996 | ||
| 100 | _aUttar Pradesh. Finance Commission | ||
| 245 | _aState Finance Commission (Panchayati Raj and Urban Local Bodies), Uttar Pradesh | ||
| 260 |
_aLucknow _bThe author _c1996 |
||
| 300 | _a3v. | ||
| 500 | _aContents: Interim. 1995. 156p.;v.1. 1996. 366p.;v.2. 1996. 533p.;v.3. 1996. p.534-820 | ||
| 999 |
_c488699 _d488699 |
||